Greek and Roman Musical Studies.

محفوظ في:

التنسيق: دورية

اللغة: Undetermined

الموضوعات:

الوصول للمادة أونلاين: Login to view Source

الوسوم: إضافة وسم

لا توجد وسوم, كن أول من يضع وسما على هذه التسجيلة!

رقم الطلب:

LEADER 00530nms a2200181Ia 4500
005 20240402052412.0
008 240131s9999||||xx |||||||||||||||||und||
999 |c 56394  |d 56394 
022 |a 2212-974X 
022 |a 2212-9758 
245 0 0 |a Greek and Roman Musical Studies. 
336 |2 rdacontent  |a text  |b txt 
337 |2 rdamedia  |a unmediated  |b n 
338 |2 rdacarrier  |a volume  |b n 
500 |a BRILLBRILLJ 
650 4 |a Ancient history: to c 500 CE. 
856 |z GRMS  |u https://brill.com/view/journals/grms/grms-overview.xml 
942 |2 lcc  |c EJL